000 00828cam a2200277 a 4500
001 135727
003 GBCCL
005 20251127145615.0
008 030204s1978 miub 001 0 eng d
035 _a(OCoLC)ocm51574222
035 _a(OCoLC)51574222
040 _aOKU
_cOKU
_dOCL
_dLBB
082 _a220.52081
_bBIB
090 _aBS2095
_b.N37 1978
245 1 4 _aThe Holy Bible
250 _aNew International Version.
260 _aGrand Rapids, Mich. :
_bZondervan Bible Publishers,
_cc1978.
300 _a1397 P.;
_c19 cm.
500 _a"With study helps"--Cover.
500 _aTranslated by the Committee on Bible Translation.
500 _aIncludes index.
520 _aLloyd M. Perry Collection.
650 _aHoly Bible
_xEnglish
_912286
710 2 _aCommittee on Bible Translation.
_912239
942 _2ddc
_cREF
999 _c6866
_d6866